| 000 | 00407nab a22001097u 4500 | ||
|---|---|---|---|
| 008 | 130520b2009 xxu||||| |||| 00| 0 ger d | ||
| 041 | _ager | ||
| 100 | 1 |
_aBuchholz, René _958635 |
|
| 245 | 0 | 0 |
_a"Zu diesem Kanon darf das AT nicht gestellt werden." Marginalien zu einer These Harnacks _cRené Buchholz |
| 773 | 0 |
_tZeitschrift für Katholische Theologie _gV.131, nº1,2009,págs. 26-46 _x0 _wRev502 |
|
| 942 | _cAR | ||
| 999 |
_c327313 _d327313 |
||